000 01007nam a2200253 a 4500
001 000026462
005 20200930030233.0
008 110318s1986 ag a r 000 0 spa d
020 _a9684093632
040 _aDO-SdBNP
_bspa
_cBNPHU
041 1 7 _aspa
_heng
_2Código de idioma MARC
082 _axxx
_bG778e
100 1 _aGray, Colin S.
_953522
240 1 0 _aStrategic studies and public policy, the American experience.
_lEspañol.
245 1 0 _aEstudios sobre estrategia :
_bla experiencia de EUA en un mundo amenazado por la guerra /
_cColin S. Gray ; traducción de Ela Gedovius.
260 _aMéxico, D. F. :
_bEDAMEX,
_c1986.
300 _a231, [5] p. ;
_c20 cm.
490 1 _aLos libros hacen libres a los hombres
500 _aIncluye notas al pie de las páginas
534 _aTítulo del original en inglés:
_tStrategic studies and public policy, the American experience.
700 1 _aGedovius, Ela
_etr.
_953523
830 0 _aLos libros hacen libres a los hombres
_947738
049 _aBNGR
999 _c25954
_d25954